000 00628nam a2200217 a 4500
005 20231101063632.0
008 991125s1961 mx 000 0 spa u
035 _aUPN01000042379
049 _aCG
050 4 _aPQ7297 T63
_b02
100 1 _aTorres Bodet, Jaime,
_d1902-1974
245 1 0 _aObras escogidas /
_cJaime Torres Bodet
260 _aMéxico :
_bFCE,
_c1961
300 _a1112 p
440 0 _aLetras mexicanas
600 4 _aTORRES BODET, JAIME,
_d1902-1974 -
_xSELECCION, EXTRACTOS, ETC.
650 4 _aPoesía mexicana
_91273
650 4 _aPROSA LITERARIA MEXICANA
_914842
904 _aAC
_b042381
905 _aLibro
999 _c42379
_d42379